000 00786nam a2200217 i 4500
001 111403
003 ES-MaACL
005 20251010183234.0
007 t|
008 061121s1903 sp r ||||1| spa d
100 1 _aOlivart, Ramón María de Dalmau,
_cMarqués de,
_d1861-1928
_9130617
245 1 0 _aTratado de Derecho internacional público /
_cpor el Marqués de Olivart ; con un prólogo Rafael Conde y Luque.
250 _a4ª. ed. rev. y amp.
260 _aMadrid :
_b[s.n.],
_c1903 (
_fTip. Hijos de R. Alvarez)
300 _a2 v. ;
_c22 cm.
500 _aSon los tomos 1ª y 3ª.
650 0 7 _aDerecho internacional público
_2embne
_911723
700 1 _aConde y Luque, Rafael,
_d1835-1922
_940134
852 _aES-MaACL
_jB-13092-93
999 _c111403
_d111403